| 000 | 00360nam a2200145Ia 4500 | ||
|---|---|---|---|
| 008 | 210716s1988 xx 000 0 und d | ||
| 041 | _aeng | ||
| 082 | _a005.3 TOWC | ||
| 100 | _aTownsend, Carl. | ||
| 245 | _aIntroduction to turbo prolog. | ||
| 250 | _a1 | ||
| 260 |
_aNew Delhi _bBPB Publications _c1988 |
||
| 300 | _axvii,315 | ||
| 650 | _aPrograms(005.3) | ||
| 999 |
_c181376 _d181376 |
||